| 000 | 00998pam a2200337 a 4500 | ||
|---|---|---|---|
| 001 | 8518 | ||
| 003 | FISKH | ||
| 005 | 20250917110841.0 | ||
| 008 | 911127s1994 njuab j 001 0 eng | ||
| 010 | _a 91045082 | ||
| 020 |
_a081672749X : _c$11.89 (est. |
||
| 020 |
_a0816727503 (pbk.) : _c$3.95 |
||
| 020 | _a9780816727506 | ||
| 020 | _a9780816727506 | ||
| 040 |
_aDLC _cDLC _dDLC _beng |
||
| 050 | 0 | 0 |
_aGB601.2 _b.R39 1994 |
| 082 | 0 | 0 |
_a551.4/47 _220 |
| 100 | 1 | _aRigby, Susan. | |
| 245 | 1 | 0 |
_aCaves / _cSusan Rigby ; illustrated by Robert Burns |
| 260 |
_aMahwah : _bTroll Associates, _c1994. |
||
| 300 |
_a32 pages : _bcolor illustrations ; _c23 cm |
||
| 440 | 0 | _aOur planet | |
| 500 | _aIncludes index. | ||
| 520 | _aExamines the formation, ecology, and folklore of caves. | ||
| 650 | 0 |
_aCaves _xJuvenile literature. |
|
| 650 | 1 | _aCaves. | |
| 700 | 1 |
_aBurns, Robert, _eillustrator |
|
| 906 |
_a7 _bcbc _corignew _d1 _eocip _f19 _gy-gencatlg |
||
| 942 |
_2ddc _cBK _n0 |
||
| 999 |
_c8518 _d8518 |
||